| 000 | 00436nam a22001457a 4500 | ||
|---|---|---|---|
| 082 |
_a692.5 _bNAM _cL-21, P-48 |
||
| 100 |
_aDr Roshan Namavati _945489 |
||
| 245 |
_aProfessional practice _bEstimating & valuation |
||
| 260 |
_aKarachi _bEducational publisher _c1971 |
||
| 300 |
_axiv, 488 p. _billus. |
||
| 526 |
_a0 _b0 _c0 _d692_500000000000000_NAM |
||
| 526 |
_a0 _b0 _c0 _d692_500000000000000_NAM |
||
| 650 |
_aMCE _9379 |
||
| 942 |
_2ddc _cBK |
||
| 999 |
_c548998 _d548998 |
||